Online Catalogue and eLibrary

Women in Their Communites (Record no. 5979)

MARC details
000 -LEADER
fixed length control field 00491nam a22001937a 4500
005 - DATE AND TIME OF LATEST TRANSACTION
control field 20250217004306.0
008 - FIXED-LENGTH DATA ELEMENTS--GENERAL INFORMATION
fixed length control field 250217b |||||||| |||| 00| 0 eng d
020 ## - INTERNATIONAL STANDARD BOOK NUMBER
ISBN 0098955X (ISSN)
082 ## - DDC Classification
DDC Edition Number 657
Class No. 305.4
Item Number - Author Mark QUE
100 ## - MAIN ENTRY--PERSONAL NAME
Personal name Quest
245 ## - TITLE STATEMENT
Title Women in Their Communites
260 ## - PUBLICATION, DISTRIBUTION, ETC.
Place of publication, distribution, etc. Washington
Name of publisher, distributor, etc. Quest: A Feminist Quarterly Inc.
Date of publication, distribution, etc. 1978
300 ## - PHYSICAL DESCRIPTION
Extent (e.g. Volumes, Pages etc.) 96 p., (Volume IV, No. 4)
650 ## - SUBJECT ADDED ENTRY--TOPICAL TERM
Topical term or geographic name entry element Women
650 ## - SUBJECT ADDED ENTRY--TOPICAL TERM
Topical term or geographic name entry element Feminism
650 ## - SUBJECT ADDED ENTRY--TOPICAL TERM
Topical term or geographic name entry element Community
650 ## - SUBJECT ADDED ENTRY--TOPICAL TERM
Topical term or geographic name entry element Rural Women
942 ## - Koha item type (Biblio)
Koha item type Books in Stacks (Lending)
Holdings
Lost status Damaged status Collection code Home library Current library Date acquired Full call number Accession Number Item type
    Lending WERC Library WERC Library 02/17/2025 305.4 QUE 657 Books in Stacks (Lending)

© WERC Library